| 000 | 00746nac a22002171u 4500 | ||
|---|---|---|---|
| 020 | _a0321263588 | ||
| 082 |
_a004.6 _bHAL |
||
| 090 |
_c5807 _d5807 |
||
| 100 | _aHalsall, Fred | ||
| 245 |
_aComputer networking and the Internet / _c Fred Halsall. |
||
| 250 | _a5th ed. | ||
| 260 |
_aHarlow : _b Addison-Wesley, 2005. _c2005 |
||
| 300 |
_axxv, 803 p. : _b ill. ; _c 24 cm. |
||
| 500 | _adistributer: Al-Ahram | ||
| 500 | _aPrevious ed. published as: Data communications, computer networks and open systems? 1996. | ||
| 504 | _aIncludes bibliographical references and index. | ||
| 511 | _acatalogued by: wessam | ||
| 650 | _aComputer networks. | ||
| 650 | _aInternet. | ||
| 942 |
_cBB _k004.6 HAL |
||
| 999 |
_c5807 _d5807 |
||